000 00446nam a2200169 i 4500
001 132886
003 ES-MaACL
005 20230906194254.0
007 t|
008 070214s1919 fr r ||||1| fre d
080 _a821.133.1-31"19"
100 1 _aRosny, J. -H.
_999792
245 1 2 _aL'appel du bonheur
_b: roman /
_cJ. H. Rosny.
260 _aParis :
_bErnest Flammarion,
_c1919.
300 _a284 p. ;
_c18 cm.
852 _aES-MaACL
_jG-4605
999 _c132886
_d132886